Countries by GDP per capita - Statistics

General Stats
  • This quiz has been taken 22 times
  • The average score is 24 of 204
Answer Stats
GDP per capita Answer % Correct
252,352 Monaco
91%
202,394 Liechtenstein
82%
141,294 Luxembourg
73%
105,415 Norway
73%
83,487 Qatar
64%
91,305 Singapore
64%
106,326 Switzerland
64%
68,328 Australia
55%
75,693 Denmark
55%
84,469 Iceland
55%
117,410 Ireland
55%
62,504 Netherlands
55%
63,415 San Marino
55%
61,110 Austria
45%
83,205 United States of America
45%
57,367 Finland
36%
48,913 France
36%
54,612 Germany
36%
35,138 Japan
36%
34,295 South Korea
36%
56,364 Sweden
36%
50,996 United Arab Emirates
36%
52,914 United Kingdom
36%
46,967 Andorra
27%
30,262 Bahrain
27%
56,217 Belgium
27%
35,926 Brunei
27%
54,600 Canada
27%
31,156 Estonia
27%
52,636 Hong Kong
27%
38,204 Italy
27%
54,369 Macau
27%
39,285 Malta
27%
33,105 Spain
27%
33,427 Taiwan
27%
18,546 Chile
18%
12,785 China
18%
21,510 Croatia
18%
36,274 Cyprus
18%
32,436 Czechia
18%
61,352 Greenland
18%
23,129 Hungary
18%
55,104 Israel
18%
32,737 Kuwait
18%
25,059 Latvia
18%
29,103 Lithuania
18%
13,126 Malaysia
18%
50,041 New Zealand
18%
24,596 Oman
18%
22,563 Poland
18%
21,204 Romania
18%
14,921 Russia
18%
33,018 Saudi Arabia
18%
24,677 Slovakia
18%
35,216 Slovenia
18%
21,595 Uruguay
18%
516 Afghanistan
9%
8243 Albania
9%
23,592 Antigua and Barbuda
9%
13,316 Argentina
9%
8469 Armenia
9%
7832 Azerbaijan
9%
38,226 Bahamas
9%
23,631 Barbados
9%
7596 Belarus
9%
7931 Bosnia and Herzegovina
9%
11,437 Brazil
9%
17,526 Bulgaria
9%
253 Burundi
9%
561 Central African Republic
9%
720 Chad
9%
7017 Colombia
9%
17,983 Costa Rica
9%
9564 Dominica
9%
6749 Ecuador
9%
8359 Georgia
9%
24,065 Greece
9%
12,356 Grenada
9%
13,720 Kazakhstan
9%
838 Liberia
9%
19,320 Maldives
9%
947 Mali
9%
11,830 Mauritius
9%
14,526 Mexico
9%
6569 Moldova
9%
5838 Mongolia
9%
11,460 Montenegro
9%
11,846 Nauru
9%
664 Niger
9%
7796 North Macedonia
9%
15,200 Palau
9%
23,633 Panama
9%
7736 Peru
9%
30,005 Portugal
9%
38,467 Puerto Rico
9%
19,525 Saint Kitts and Nevis
9%
14,404 Saint Lucia
9%
9436 Saint Vincent and the Grenadines
9%
11,462 Serbia
9%
21,140 Seychelles
9%
456 Sierra Leone
9%
756 Somalia
9%
432 South Sudan
9%
584 Sudan
9%
36,412 Svalbard
9%
20,516 Trinidad and Tobago
9%
13,046 Turkmenistan
9%
22,561 Vatican City
9%
963 Yemen
9%
5143 Algeria
0%
2725 Angola
0%
3144 Bangladesh
0%
7262 Belize
0%
1504 Benin
0%
3622 Bhutan
0%
3974 Bolivia
0%
8103 Botswana
0%
906 Burkina Faso
0%
1492 Burma
0%
4631 Cabo Verde
0%
2005 Cambodia
0%
1797 Cameroon
0%
1404 Comoros
0%
2905 Cote d'Ivoire
0%
12,475 Cuba
0%
694 Democratic Republic of the Congo
0%
3802 Djibouti
0%
11,584 Dominican Republic
0%
3825 Egypt
0%
6004 El Salvador
0%
6604 Equatorial Guinea
0%
737 Eritrea
0%
4046 Eswatini
0%
1512 Ethiopia
0%
4463 Federated States of Micronesia
0%
6113 Fiji
0%
19,842 French Guiana
0%
8905 Gabon
0%
947 Gambia
0%
2385 Ghana
0%
5525 Guatemala
0%
1629 Guinea
0%
1057 Guinea-Bissau
0%
22,369 Guyana
0%
2356 Haiti
0%
3515 Honduras
0%
2967 India
0%
5352 Indonesia
0%
4521 Iran
0%
6243 Iraq
0%
7256 Jamaica
0%
5123 Jordan
0%
2246 Kenya
0%
2006 Kiribati
0%
6135 Kosovo
0%
1904 Kyrgyzstan
0%
1993 Laos
0%
3596 Lebanon
0%
1149 Lesotho
0%
6140 Libya
0%
536 Madagascar
0%
603 Malawi
0%
6244 Marshall Islands
0%
2346 Mauritania
0%
4006 Morocco
0%
652 Mozambique
0%
4839 Namibia
0%
1378 Nepal
0%
2759 Nicaragua
0%
1800 Nigeria
0%
736 North Korea
0%
1842 Pakistan
0%
3473 Palestine
0%
2734 Papua New Guinea
0%
5902 Paraguay
0%
4019 Philippines
0%
3001 Republic of the Congo
0%
1073 Rwanda
0%
4773 Samoa
0%
2963 Sao Tome and Principe
0%
1743 Senegal
0%
2313 Solomon Islands
0%
6217 South Africa
0%
3694 Sri Lanka
0%
5741 Suriname
0%
1146 Syria
0%
1263 Tajikistan
0%
1364 Tanzania
0%
7621 Thailand
0%
1500 Timor-Leste
0%
1017 Togo
0%
5521 Tonga
0%
4242 Tunisia
0%
13,569 Turkiye
0%
5884 Tuvalu
0%
1204 Uganda
0%
5273 Ukraine
0%
2944 Uzbekistan
0%
3503 Vanuatu
0%
3536 Venezuela
0%
4625 Vietnam
0%
3104 Western Sahara
0%
1578 Zambia
0%
2016 Zimbabwe
0%
No matching quizzes found
Score Distribution
Percent of People with Each Score
Percentile by Number Answered
Your Score History
You have not taken this quiz